[Event "GER-chT U14 Girls"]
[Site "Willingen"]
[Date "2021.06.26"]
[Round "5.5"]
[White "Frowein, Katja"]
[Black "Albrecht, Angelique"]
[Result "1-0"]
[WhiteElo "1388"]
[BlackElo "1263"]
[PlyCount "91"]
[EventDate "2021.06.23"]
[EventType "team-swiss"]
[EventRounds "7"]
[EventCountry "GER"]
[SourceTitle "EXT 2022"]
[Source "ChessBase"]
[SourceDate "2021.10.06"]
[SourceVersion "1"]
[SourceVersionDate "2021.10.06"]
[SourceQuality "1"]
[WhiteTeam "Garching"]
[BlackTeam "Ingelheim"]
[WhiteTeamCountry "GER"]
[BlackTeamCountry "GER"]

1. e4 e6 2. d4 d5 3. exd5 exd5 4. Nf3 Bd6 5. Bd3 Ne7 6. 0-0 0-0 7. Bg5 f6 8. Bh4 Bf5 9. Re1 Bxd3 10. Qxd3 Ng6 11. Qb5 b6 12. Qxd5+ Kh8 13. Qxa8 Nxh4 14. Nxh4 f5 15. Nf3 a5 16. Ne5 Qf6 17. Qf3 Qh4 18. Qb3 Qh5 19. Nc3 Bxe5 20. dxe5 f4 21. f3 Re8 22. Rad1 h6 23. Nd5 Rxe5 24. Nxf4 Rxe1+ 25. Rxe1 Qc5+ 26. Qe3 Qxe3+ 27. Rxe3 Na6 28. Re8+ Kh7 29. Re7 Nb4 30. Rxc7 Nxa2 31. Ne6 Kg6 32. Nxg7 Nb4 33. Ne6 Nd5 34. Rc6 Kf5 35. Kf2 Ne7 36. Rxb6 a4 37. Nd4+ Ke5 38. Re6+ Kxd4 39. Rxe7 a3 40. bxa3 Kc3 41. Ke2 Kxc2 42. Rc7+ Kb3 43. Kd2 Ka2 44. Rb7 Kxa3 45. Kc3 h5 46. Ra7# 1-0

[Event "GER-chT U14 Girls"]
[Site "Neumuenster"]
[Date "2019.12.28"]
[Round "4.6"]
[White "Semenchenko, Simona"]
[Black "Albrecht, Angelique"]
[Result "0-1"]
[WhiteElo "919"]
[BlackElo "1219"]
[PlyCount "56"]
[EventDate "2019.12.27"]
[EventType "team-swiss"]
[EventRounds "7"]
[EventCountry "GER"]
[SourceTitle "CBM 194 Extra"]
[Source "ChessBase"]
[SourceDate "2020.03.31"]
[SourceVersion "1"]
[SourceVersionDate "2020.03.31"]
[SourceQuality "1"]
[WhiteTeam "Muenchen Tarrasch"]
[BlackTeam "Ingelheim"]
[WhiteTeamCountry "GER"]
[BlackTeamCountry "GER"]

1. e4 e5 2. Nf3 Nc6 3. Nc3 Nf6 4. Bb5 d6 5. 0-0 Bg4 6. h3 Bh5 7. d3 h6 8. Be3 Be7 9. d4 a6 10. dxe5 dxe5 11. Bxc6+ bxc6 12. g4 Bg6 13. Qe2 0-0 14. Rfd1 Bd6 15. Nxe5 Nxe4 16. Nxe4 Bxe4 17. Qc4 Bd5 18. Nxc6 Bxc4 19. Nxd8 Raxd8 20. Rd4 Be2 21. Kg2 Rfe8 22. Re1 Bb5 23. c4 Bc6+ 24. Kg1 Bb4 25. Re2 Rxd4 26. Bxd4 Rxe2 27. Kf1 Bf3 28. a3 Re1# 0-1